| 000 | 01006nam a22002777a 4500 | ||
|---|---|---|---|
| 003 | dpl | ||
| 005 | 20240801103220.0 | ||
| 008 | 240801b |||||||| |||| 00| 0 eng d | ||
| 010 | _aENG-140858 | ||
| 020 |
_c795.00 _a9789389934731 |
||
| 035 | _aEN-124390 | ||
| 037 | _bDelivery of Book Act Division | ||
| 040 |
_aDPL _c0 |
||
| 082 |
_a333.7 _21 |
||
| 100 | _933732 | ||
| 245 |
_aEnvironment and Development: _bViews on Sustainability/ _cEdited By Bappa Sarkar [and] Kishore Kumar Thappa |
||
| 260 |
_aUttar Pradesh _bAlllied Publishers Pvt Ltd _c2024 |
||
| 270 |
_aD-5, Sector-2, Noida _bUttar Pradesh _e201301 _k0120-4320295 _k0120-4352866 _k0120-2542557 _mdelhi.books@alliedpublishers.com |
||
| 300 |
_axii,347p. _c23cm(pb) _bindex |
||
| 500 | _aIncludes index | ||
| 650 |
_aAudit of mangement systems _933733 |
||
| 650 |
_aQuality manual _933734 |
||
| 700 |
_aSarkar , Bappa _eEditor _969134 |
||
| 700 |
_aThappa, Kishore Kumar _eEditor _969135 |
||
| 942 |
_2ddc _cEN _h333.7 _mENV |
||
| 999 |
_c204665 _d204665 |
||